00371nam a2200157Ia 4500001000500000005001700005008004100022041000800063082001500071100003900086245005600125260000900181300000700190650000800197654000800205862320260306160623.0260306t2006||||xx |||||||||||||| ||spa|| aESP a371.2bR78 aRojas Quiñones, Juan ManueleAUT 0aGestión educativa en la sociedad del conocimiento c2006 ac aGEN aCED